• 首页
  • 本馆介绍
  • 公告通知
  • 最新文献
  • 馆藏检索
  • 电子资源
  • 读者导购
  • 参考咨询
  • 我的图书馆
  • 登录
  • 详细信息显示
  • 放入我的书架
  • 预约/预借图书
  • 作者相关作品
  • 分类相关作品
  • 丛书相关作品
  • 出版社相关作品

书目信息

  • 表格格式
  • 工作单格式
  • 卡片格式
题名:
护国运动资料选编
    
 
作者: 李希泌 编
分册: 下册  
出版信息: 北京   中华书局  1984
页数: ~787页
开本: 21cm
丛书名:
单 册:
中图分类: K258.3
科图分类:
主题词: 洪宪帝制 , 反袁斗争
电子资源:
ISBN:
000 00650nam0 2200241 45
001 0184012940
005 20050419161610.8
010    @dCNY2.90
091    @a11018.1226
100    @a19950622d1984 em y0chiy0121 ea
101 0  @achi
102    @aCN@b110000
105    @ay z 000yy
200 10 @a护国运动资料选编@Ahu guo yun dong zi liao xuan bian@h下册@f李希泌等编@FLi Xi Mi Deng Bian
210    @a北京@c中华书局@d1984
215    @a~787页@d21cm
606    @a洪宪帝制
606 0  @a反袁斗争
690    @aK258.3@v3
701  0 @a李希泌@4编
801  0 @aCN@b上海图书馆@c20040302
801  2 @aCN@bNLC@c20040302
905    @dK258.3@e30:2@b139557@f1
    
    护国运动资料选编.下册/李希泌等编.-北京:中华书局,1984
    ~787页;21cm
    
    
    ISBN :CNY2.90
    
●
相关链接 在E读中查询图书 在五车中查询图书 在当当中查询图书 在豆瓣中查询图书


正题名:护国运动资料选编     索取号:K258.3/30:2         预约/预借

序号 登录号 条形码 馆藏地/架位号 状态 备注
1 0139557   002033463   第二样本阅览室/ [索取号:K258.3/30:2] 在馆    
2 0139558   001891064   密集书库/ [索取号:K258.3/30:2] 在馆    
唐山师范学院图书馆 欢迎您!
大连网信软件有限公司© 版权所有